000 00712nam a2200181Ia 4500
008 100920s9999 xx 000 0 und d
082 _b83036
_a28 व 891 थ 96
100 _aकाटे सुधीर.
245 _aसशाची चंद्रावर स्वारी.
260 _bइंद्रायणी साहित्य प्रकाशन पुणे 30.
_c1996
300 _a35
_bसाधी
365 _b10
520 _aबा.वि.लघुकथा.
630 _aसशाची चंद्रावर स्वारी.
650 _aबा.वि.लघुकथा.
730 _aसशाची चंद्रावर स्वारी.
942 _cBOOK
999 _c723682
_d723679